[Event "Rated Blitz game"]
[Site "?"]
[Date "2021.07.05"]
[Round "?"]
[White "SexDrugsRnR"]
[Black "Maltinho"]
[Result "1-0"]
[WhiteElo "2465"]
[BlackElo "2547"]
[PlyCount "113"]
[EventDate "2021.??.??"]
[EventType "blitz"]

1. e4 e5 2. Nf3 d5 3. d4 dxe4 4. Nxe5 Bd6 5. Bf4 Nc6 6. Nxc6 bxc6 7. Bg3 Nf6 8.
Nc3 O-O 9. Be2 Bf5 10. O-O c5 11. Bxd6 Qxd6 12. dxc5 Qxc5 13. Qd2 Rab8 14. Rfd1
h6 15. Qf4 Bg6 16. Rac1 Rfd8 17. Na4 Qb4 18. b3 Nd5 19. Qh4 Rd6 20. c4 Nb6 21.
Rxd6 Qxd6 22. Rd1 Qa3 23. Nxb6 cxb6 24. Rd8+ Rxd8 25. Qxd8+ Kh7 26. Qd2 Qc5 27.
h4 a5 28. Qe3 Qd6 29. g3 f5 30. Kg2 Bf7 31. Qc3 Qc5 32. Bd1 a4 33. Be2 Qa3 34.
Qc2 axb3 35. axb3 Qc5 36. h5 e3 37. fxe3 Be8 38. Bd3 Bc6+ 39. Kf2 Bd7 40. g4
Qe5 41. Bxf5+ Kh8 42. Kg2 Bc6+ 43. e4 Qd4 44. Qf2 Qd3 45. Qf3 Qc2+ 46. Kg3 Qb2
47. Qe3 Qe5+ 48. Qf4 Qc3+ 49. Qf3 Qe5+ 50. Kh3 Be8 51. Qd3 Bf7 52. Qd8+ Bg8 53.
Qd3 Qc3 54. Qxc3 Bh7 55. g5 b5 56. gxh6 Kg8 57. Qxg7# {Normal} 1-0

[Event "Rated Blitz game"]
[Site "?"]
[Date "2021.07.05"]
[Round "?"]
[White "seven-op"]
[Black "Razario90"]
[Result "0-1"]
[WhiteElo "2436"]
[BlackElo "2417"]
[PlyCount "64"]
[EventDate "2021.??.??"]
[EventType "blitz"]

1. e4 e5 2. Nf3 d5 3. Nxe5 Bd6 4. d4 dxe4 5. Nc4 Nf6 6. Nc3 O-O 7. Be2 h6 8.
O-O Re8 9. h3 Nc6 10. Nxd6 Qxd6 11. Be3 a6 12. d5 Ne7 13. Bc4 b5 14. Bb3 b4 15.
Na4 Nexd5 16. Bc5 Qc6 17. Qd4 Bb7 18. Rad1 e3 19. fxe3 Nxe3 20. Rf2 Nxd1 21.
Qxd1 Rad8 22. Qf3 Re1+ 23. Kh2 Qb5 24. Qg3 Rdd1 25. Qg6 Bd5 26. Bxd5 Rxd5 27.
Qg3 Rdd1 28. Qf4 Qxa4 29. Qxc7 Rh1+ 30. Kg3 Qe8 31. Kf3 Qe4+ 32. Kg3 Nh5# {
Normal} 0-1

[Event "Rated Blitz game"]
[Site "?"]
[Date "2021.07.04"]
[Round "?"]
[White "GIFCM2007"]
[Black "pasha1984"]
[Result "1-0"]
[WhiteElo "2537"]
[BlackElo "2403"]
[PlyCount "57"]
[EventDate "2021.??.??"]
[EventType "blitz"]

1. e4 e5 2. Nf3 d5 3. Nxe5 dxe4 4. Bc4 Qg5 5. Nxf7 Qxg2 6. Rf1 Bg4 7. f3 Bxf3
8. Be2 Be7 9. d4 Bh4+ 10. Kd2 Kxf7 11. Nc3 Nf6 12. Nb5 Bg5+ 13. Kc3 Bxc1 14.
Bxf3 exf3 15. Rxc1 Nbd7 16. Rxf3 a6 17. Na3 Nb6 18. b3 Rhd8 19. Kb2 Kg8 20. Rg3
Qxh2 21. Qf3 Nbd5 22. Nc4 Qh5 23. Qg2 Rd7 24. Ne5 Re7 25. Rh1 Qf5 26. Rf3 Nf4
27. Qf1 g5 28. Rg1 Rxe5 29. Rxf4 {Normal} 1-0

[Event "Rated Blitz game"]
[Site "?"]
[Date "2021.07.04"]
[Round "?"]
[White "chadi_chess"]
[Black "pasha1984"]
[Result "1/2-1/2"]
[WhiteElo "2384"]
[BlackElo "2418"]
[PlyCount "139"]
[EventDate "2021.??.??"]
[EventType "blitz"]

1. e4 e5 2. Nf3 d5 3. exd5 e4 4. Nd4 Nf6 5. Nc3 Bc5 6. Nb3 Bb6 7. d4 O-O 8. Bc4
Bg4 9. Qd2 a5 10. a4 Na6 11. O-O Nb4 12. Nc5 Bxc5 13. dxc5 Qd7 14. Qd4 Nxc2 15.
Qe5 Nxa1 16. Bg5 Rfe8 17. Qf4 Qf5 18. Rxa1 Qxf4 19. Bxf4 Rad8 20. Bxc7 Rc8 21.
d6 Nd7 22. h3 Bf5 23. g4 Be6 24. Bxe6 Rxe6 25. Rc1 Nxc5 26. Nxe4 Rxe4 27. Rxc5
Rd4 28. Rxa5 Kf8 29. Rb5 Ke8 30. Rxb7 Rxa4 31. b4 Ra1+ 32. Kg2 Rd1 33. b5 Kd7
34. Bb8+ Ke6 35. Re7+ Kf6 36. Bc7 Rb1 37. b6 g5 38. d7 Kxe7 39. dxc8=Q Rd1 40.
Qd8+ Rxd8 41. Bxd8+ Kxd8 42. Kf3 Kc8 43. Ke4 Kb7 44. Kf5 Kxb6 45. Kxg5 Kc5 46.
Kf6 Kd4 47. Kxf7 Ke4 48. Kg7 Kf3 49. Kxh7 Kxf2 50. g5 Kg3 51. g6 Kxh3 52. g7
Kg4 53. g8=Q+ Kf4 54. Kg7 Ke5 55. Kf7 Kd5 56. Ke7+ Kd4 57. Qe6 Kc5 58. Kd7 Kd4
59. Qf5 Ke3 60. Kd6 Kd4 61. Qe5+ Kd3 62. Kd5 Kd2 63. Qe4 Kc3 64. Qd4+ Kc2 65.
Kc4 Kb1 66. Qd3+ Ka2 67. Qe2+ Ka3 68. Qd3+ Kb2 69. Kb4 Kc1 70. Kb3 {Normal}
1/2-1/2

[Event "Rated Blitz game"]
[Site "?"]
[Date "2021.07.04"]
[Round "?"]
[White "Electracy"]
[Black "blastol"]
[Result "0-1"]
[WhiteElo "2382"]
[BlackElo "2435"]
[PlyCount "34"]
[EventDate "2021.??.??"]
[EventType "blitz"]

1. e4 e5 2. Nf3 d5 3. Nxe5 Bd6 4. d4 dxe4 5. Nc4 Nf6 6. Nxd6+ Qxd6 7. c3 O-O 8.
Bg5 h6 9. Bh4 Nd5 10. Bc4 Nf4 11. Bg3 Nxg2+ 12. Kd2 Qc6 13. Na3 Bf5 14. Qf1 e3+
15. fxe3 Qe4 16. Qf2 Re8 17. Bd3 Qxd3+ {Normal} 0-1

[Event "Rated Blitz game"]
[Site "?"]
[Date "2021.07.04"]
[Round "?"]
[White "UnfazedHope"]
[Black "GoughPhar"]
[Result "0-1"]
[WhiteElo "2222"]
[BlackElo "2400"]
[PlyCount "120"]
[EventDate "2021.??.??"]
[EventType "blitz"]

1. e4 e5 2. Nf3 d5 3. Nc3 Nf6 4. d3 dxe4 5. Nxe4 Nxe4 6. dxe4 Qxd1+ 7. Kxd1 Bg4
8. h3 Bxf3+ 9. gxf3 Nc6 10. c3 O-O-O+ 11. Kc2 Bc5 12. Be3 Bxe3 13. fxe3 Rd6 14.
Bc4 Rf6 15. Rhf1 g5 16. Be2 h6 17. Rg1 Ne7 18. Rad1 Ng6 19. Rd5 c6 20. Rd2 Rd8
21. Rgd1 Rxd2+ 22. Rxd2 Nh4 23. Rd1 Ng2 24. Kd2 Rd6+ 25. Bd3 Nh4 26. Ke2 Rf6
27. Rf1 b5 28. a4 a6 29. a5 Kc7 30. b4 Kd6 31. Bc2 Ke7 32. Bb3 c5 33. Bd5 c4
34. Bb7 Ng6 35. Rd1 Nh4 36. Rf1 Kd8 37. Bd5 Kc7 38. Ba8 Ng6 39. Bd5 Ne7 40. Rd1
h5 41. Kf2 g4 42. hxg4 hxg4 43. f4 exf4 44. exf4 Rxf4+ 45. Kg3 Rf3+ 46. Kxg4
Rxc3 47. Bxf7 Nc6 48. Be6 Rb3 49. Rd7+ Kb8 50. Bd5 Ne5+ 51. Kf5 Nxd7 52. Ke6
Kc7 53. Kf7 Rxb4 54. Ke7 c3 55. Be6 Rxe4 56. Ke8 Rxe6+ 57. Kf7 Rf6+ 58. Ke7 c2
59. Ke8 c1=Q 60. Ke7 Qe3# {Normal} 0-1

[Event "Rated Blitz game"]
[Site "?"]
[Date "2021.07.04"]
[Round "?"]
[White "CamelClutcher"]
[Black "pasha1984"]
[Result "0-1"]
[WhiteElo "2435"]
[BlackElo "2380"]
[PlyCount "32"]
[EventDate "2021.??.??"]
[EventType "blitz"]

1. e4 e5 2. Nf3 d5 3. d4 dxe4 4. Nxe5 Bd6 5. Bc4 Bxe5 6. dxe5 Qxd1+ 7. Kxd1 Nc6
8. Bf4 Nge7 9. Nc3 Bf5 10. Re1 Ng6 11. Bg3 Ngxe5 12. Nxe4 O-O-O+ 13. Bd3 Nxd3
14. cxd3 Rxd3+ 15. Kc1 Rhd8 16. Nc3 Rd2 {Normal} 0-1

[Event "Rated Blitz game"]
[Site "?"]
[Date "2021.07.04"]
[Round "?"]
[White "RaphaelVarane"]
[Black "ahoramahora"]
[Result "1-0"]
[WhiteElo "2405"]
[BlackElo "2369"]
[PlyCount "49"]
[EventDate "2021.??.??"]
[EventType "blitz"]

1. e4 e5 2. Nf3 d5 3. Nxe5 Bd6 4. d4 dxe4 5. Nc4 Nf6 6. Nc3 O-O 7. Bg5 Be7 8.
Be2 Bf5 9. Ne3 Bg6 10. O-O h6 11. Bh4 Nc6 12. d5 Ne5 13. Qd4 Qd6 14. Bg3 Nfd7
15. Nc4 Nxc4 16. Bxd6 Nxd6 17. Bb5 Bf6 18. Qb4 a5 19. Qa3 Ne5 20. Rfe1 Bg5 21.
Qa4 f5 22. Bf1 Be8 23. Qd4 Bd7 24. Qxe5 Rae8 25. Qd4 {Normal} 1-0

[Event "Rated Blitz game"]
[Site "?"]
[Date "2021.07.04"]
[Round "?"]
[White "hosampopchees"]
[Black "blastol"]
[Result "0-1"]
[WhiteElo "2384"]
[BlackElo "2426"]
[PlyCount "58"]
[EventDate "2021.??.??"]
[EventType "blitz"]

1. e4 e5 2. Nf3 d5 3. d3 Bd6 4. exd5 f5 5. Be2 Nf6 6. c4 O-O 7. O-O Qe8 8. Nc3
e4 9. Ne1 a6 10. a4 Qg6 11. Qc2 Nbd7 12. dxe4 fxe4 13. f3 Qh5 14. f4 Qh6 15.
Nxe4 Nxe4 16. Qxe4 Nf6 17. Qc2 Bg4 18. Bxg4 Bc5+ 19. Kh1 Nxg4 20. Nf3 Rae8 21.
h3 Qh5 22. b3 Rf6 23. Ra2 Be3 24. Qc3 Bxf4 25. Bxf4 Rxf4 26. Qd3 Ref8 27. Re2
Qh4 28. Rfe1 Nf2+ 29. Rxf2 Qxf2 {Time forfeit} 0-1

[Event "Rated Blitz game"]
[Site "?"]
[Date "2021.07.04"]
[Round "?"]
[White "Johnsnowchess"]
[Black "ahoramahora"]
[Result "1-0"]
[WhiteElo "2416"]
[BlackElo "2373"]
[PlyCount "37"]
[EventDate "2021.??.??"]
[EventType "blitz"]

1. e4 e5 2. Nf3 d5 3. d4 dxe4 4. Nxe5 Nd7 5. Bf4 Nxe5 6. Bxe5 Nf6 7. Nc3 Bf5 8.
f3 exf3 9. Qxf3 Bc8 10. d5 Be7 11. Bb5+ Bd7 12. Bd3 O-O 13. O-O Rc8 14. Ne4
Nxe4 15. Qxe4 g6 16. Kh1 f5 17. Qc4 Bd6 18. Rae1 Qh4 19. Qxh4 {Normal} 1-0

[Event "Rated Blitz game"]
[Site "?"]
[Date "2021.07.04"]
[Round "?"]
[White "Pruthu1406"]
[Black "DanielPerchman"]
[Result "1-0"]
[WhiteElo "2353"]
[BlackElo "2471"]
[PlyCount "41"]
[EventDate "2021.??.??"]
[EventType "blitz"]

1. e4 e5 2. Nf3 d5 3. exd5 e4 4. Qe2 f5 5. d3 Nf6 6. Nc3 Bb4 7. dxe4 fxe4 8.
Qb5+ c6 9. Qxb4 exf3 10. Bg5 Kf7 11. O-O-O a5 12. Qh4 c5 13. Bc4 Qd6 14. Bf4
Qb6 15. d6+ Be6 16. Bxe6+ Kxe6 17. Rhe1+ Kf7 18. Re7+ Kf8 19. Qg5 Rg8 20. Qf5
Nc6 21. Nd5 {Normal} 1-0

[Event "Rated Blitz game"]
[Site "?"]
[Date "2021.07.04"]
[Round "?"]
[White "Tim1991"]
[Black "annaly1979"]
[Result "0-1"]
[WhiteElo "2481"]
[BlackElo "2424"]
[PlyCount "68"]
[EventDate "2021.??.??"]
[EventType "blitz"]

1. e4 e5 2. Nf3 d5 3. Nxe5 Qe7 4. d4 f6 5. Nd3 Nc6 6. c3 Bf5 7. Be2 Bxe4 8. O-O
Qf7 9. Nf4 Bd6 10. f3 Bf5 11. Bb5 Nge7 12. Re1 O-O-O 13. b4 g5 14. Nd3 h5 15.
a4 a6 16. Bxc6 Nxc6 17. Nc5 Nb8 18. Na3 Bxc5 19. bxc5 h4 20. h3 Rhe8 21. Be3
Nc6 22. Nc2 Na5 23. Nb4 Nc4 24. Bf2 a5 25. Nd3 Qd7 26. Ra2 Rxe1+ 27. Nxe1 Re8
28. Re2 Rxe2 29. Qxe2 Qe6 30. Qxe6+ Bxe6 31. Nd3 Bd7 32. f4 Bxa4 33. fxg5 fxg5
34. Ne1 Bd1 {Normal} 0-1

[Event "Rated Blitz tournament oj2h0wJo"]
[Site "?"]
[Date "2021.07.04"]
[Round "?"]
[White "Mixer_BKD"]
[Black "om_gendut"]
[Result "1/2-1/2"]
[WhiteElo "2463"]
[BlackElo "2439"]
[PlyCount "78"]
[EventDate "2021.??.??"]
[EventType "blitz"]

1. e4 e5 2. Nf3 d5 3. d4 dxe4 4. Nxe5 Bd6 5. Nc4 Be7 6. Nc3 Nf6 7. f3 exf3 8.
Qxf3 Qxd4 9. Be3 Qh4+ 10. g3 Qh5 11. Qxh5 Nxh5 12. Nd5 Bd8 13. Bg2 O-O 14.
O-O-O Nc6 15. Rhe1 Be6 16. b3 Nf6 17. Bc5 Re8 18. Na3 Nxd5 19. Bxd5 Bg5+ 20.
Kb2 Bf6+ 21. Kc1 Bxd5 22. Rxe8+ Rxe8 23. Rxd5 Bc3 24. Nb5 Re1+ 25. Rd1 Rxd1+
26. Kxd1 Be5 27. Nxa7 Nxa7 28. Bxa7 b6 29. a4 Kf8 30. b4 Bc3 31. Bb8 Bxb4 32.
Bxc7 Bc5 33. Ke2 Ke7 34. Kd3 Kd7 35. Be5 g6 36. Kc4 Kc6 37. g4 h5 38. gxh5 gxh5
39. h3 Bf2 {Normal} 1/2-1/2

[Event "Rated Blitz game"]
[Site "?"]
[Date "2021.07.04"]
[Round "?"]
[White "Zol46"]
[Black "ahoramahora"]
[Result "1-0"]
[WhiteElo "2409"]
[BlackElo "2384"]
[PlyCount "69"]
[EventDate "2021.??.??"]
[EventType "blitz"]

1. e4 e5 2. Nf3 d5 3. exd5 e4 4. Qe2 Nf6 5. Nc3 Be7 6. Nxe4 O-O 7. d3 Qxd5 8.
Nc3 Qa5 9. Bd2 Nc6 10. O-O-O Bg4 11. Kb1 Rfe8 12. Ne4 Qh5 13. h3 Bxf3 14. gxf3
Nd4 15. Qe3 Rad8 16. Bg2 c5 17. Rhg1 Nd5 18. Qe1 f5 19. Ng3 Qh4 20. Qf1 g6 21.
Bh1 Bf6 22. c3 Nc6 23. Nxf5 Qh5 24. Nh6+ Kh8 25. Nf7+ Kg7 26. Nxd8 Rxd8 27. Qg2
b5 28. Bg5 b4 29. Bxf6+ Nxf6 30. f4 bxc3 31. Qxc6 Qe2 32. Qb7+ Rd7 33. Qb3 Rxd3
34. Rxd3 Qxd3+ 35. Qc2 {Normal} 1-0

[Event "Rated Blitz game"]
[Site "?"]
[Date "2021.07.04"]
[Round "?"]
[White "SebastianAlmagro"]
[Black "ALYHuTANGxKI"]
[Result "1-0"]
[WhiteElo "2522"]
[BlackElo "2394"]
[PlyCount "81"]
[EventDate "2021.??.??"]
[EventType "blitz"]

1. e4 e5 2. Nf3 d5 3. exd5 e4 4. Qe2 Nf6 5. Nc3 Be7 6. Nxe4 O-O 7. Nxf6+ Bxf6
8. Qd1 Qxd5 9. Be2 Nc6 10. c3 Bg4 11. d4 Rfe8 12. O-O Re7 13. Be3 Rae8 14. Qd2
Qh5 15. h3 Bxh3 16. gxh3 Qxh3 17. Nh2 Bg5 18. Bg4 Bxe3 19. fxe3 Qh6 20. Rae1
Rxe3 21. Rxe3 Rxe3 22. Rf3 Re6 23. Qxh6 Rxh6 24. Re3 Kf8 25. Bf3 Nd8 26. Ng4
Rg6 27. Kf2 f5 28. Ne5 Rd6 29. d5 g5 30. c4 b6 31. b4 g4 32. Bg2 Nf7 33. Nxf7
Kxf7 34. Kg3 Rh6 35. Kf4 Rh2 36. Re2 Kf6 37. c5 bxc5 38. bxc5 h5 39. d6 cxd6
40. cxd6 g3 41. Kxg3 {Normal} 1-0

[Event "Rated Blitz game"]
[Site "?"]
[Date "2021.07.04"]
[Round "?"]
[White "Davidsch04"]
[Black "ALYHuTANGxKI"]
[Result "1-0"]
[WhiteElo "2402"]
[BlackElo "2376"]
[PlyCount "165"]
[EventDate "2021.??.??"]
[EventType "blitz"]

1. e4 e5 2. Nf3 d5 3. exd5 e4 4. Qe2 Nf6 5. Nc3 Be7 6. Nxe4 O-O 7. d3 Qxd5 8.
Nc3 Qa5 9. Qd1 Nc6 10. Be2 Bg4 11. O-O Rad8 12. h3 Be6 13. Bf4 Nd5 14. Nxd5
Bxd5 15. c3 Qb6 16. Qc2 Bf6 17. d4 Na5 18. Rfe1 Nc4 19. Bxc4 Bxc4 20. Be5 Bd5
21. Bxf6 Qxf6 22. Ne5 Rfe8 23. Re3 c5 24. Rae1 cxd4 25. cxd4 Re6 26. Ng4 Qg5
27. Rxe6 Bxe6 28. Qe4 h5 29. Ne3 Bxa2 30. Qxb7 a5 31. Ra1 Bd5 32. Nxd5 Rxd5 33.
Qc8+ Kh7 34. Qc2+ g6 35. Rd1 Qf4 36. g3 Qf3 37. Qd3 Qf6 38. Qc3 a4 39. Qc4 Rf5
40. Rd2 Ra5 41. d5 Qd6 42. Kh2 a3 43. bxa3 Rxa3 44. Qc6 Qxc6 45. dxc6 Rc3 46.
Rd7 Kg7 47. Rc7 Kf6 48. Kg2 Ke6 49. Kf1 Rc2 50. Ke1 f6 51. Rg7 g5 52. c7 Kd6
53. Rf7 Ke6 54. Rh7 Kd6 55. Rxh5 Rxc7 56. Rh8 Ke6 57. Kf1 Kf5 58. Kg2 Rc2 59.
Ra8 Kg6 60. Ra6 Rd2 61. Kf3 Rb2 62. Ra7 Rb3+ 63. Kg2 Rb2 64. Ra6 Kf5 65. h4
gxh4 66. gxh4 Rb4 67. Kg3 Kg6 68. f3 Rc4 69. f4 Kf5 70. Ra5+ Kg6 71. h5+ Kh6
72. Kg4 Rc1 73. Kf5 Kxh5 74. Kxf6+ Kh6 75. Ra6 Rf1 76. f5 Kh7 77. Ra7+ Kh6 78.
Ke6 Kg5 79. Rg7+ Kh6 80. Rg6+ Kh7 81. Rg2 Re1+ 82. Kf7 Ra1 83. Rh2# {Normal}
1-0

[Event "Rated Blitz game"]
[Site "?"]
[Date "2021.07.04"]
[Round "?"]
[White "lucumpe04"]
[Black "ahoramahora"]
[Result "0-1"]
[WhiteElo "2559"]
[BlackElo "2391"]
[PlyCount "42"]
[EventDate "2021.??.??"]
[EventType "blitz"]

1. e4 e5 2. Nf3 d5 3. Bc4 dxc4 4. Nxe5 Be6 5. O-O Nc6 6. Nf3 Bc5 7. c3 Nge7 8.
Qe2 Qd3 9. Qd1 O-O-O 10. Re1 h5 11. Na3 h4 12. h3 Ng6 13. Nc2 Nf4 14. Ne3 Qxe4
15. d4 cxd3 16. Ng4 Ne2+ 17. Kh2 Bxg4 18. hxg4 Qxg4 19. Be3 Bxe3 20. fxe3 Qg3+
21. Kh1 h3 {Normal} 0-1

[Event "Rated Blitz tournament usGqOSip"]
[Site "?"]
[Date "2021.07.04"]
[Round "?"]
[White "The_Flaggship"]
[Black "batasjon"]
[Result "0-1"]
[WhiteElo "2227"]
[BlackElo "2406"]
[PlyCount "58"]
[EventDate "2021.??.??"]
[EventType "blitz"]

1. e4 e5 2. Nf3 d5 3. Nxe5 Bd6 4. d4 dxe4 5. Nc3 Nf6 6. Bg5 O-O 7. Nc4 Be7 8.
Ne3 Nc6 9. d5 Nxd5 10. Bxe7 Ndxe7 11. Qxd8 Rxd8 12. Nxe4 Nf5 13. Nxf5 Bxf5 14.
f3 Bxe4 15. fxe4 Nb4 16. Bd3 Nxd3+ 17. cxd3 Rxd3 18. Ke2 Rd7 19. Rac1 Kf8 20.
Rc4 Rad8 21. Rf1 Rd2+ 22. Ke3 c6 23. Rb4 b6 24. Ra4 a5 25. Rc4 c5 26. e5 Ke7
27. Rcf4 R8d3+ 28. Ke4 Rd4+ 29. Ke3 Rxf4 {Normal} 0-1

[Event "Rated Blitz tournament usGqOSip"]
[Site "?"]
[Date "2021.07.04"]
[Round "?"]
[White "SFA_Gang"]
[Black "batasjon"]
[Result "1-0"]
[WhiteElo "2563"]
[BlackElo "2415"]
[PlyCount "109"]
[EventDate "2021.??.??"]
[EventType "blitz"]

1. e4 e5 2. Nf3 d5 3. Nxe5 Bd6 4. d4 dxe4 5. Nc4 Nf6 6. Nxd6+ Qxd6 7. c3 O-O 8.
Na3 Nc6 9. Nc4 Qe6 10. Bf4 Nd5 11. Bg3 f5 12. Be5 Nxe5 13. Nxe5 c6 14. Bc4 Kh8
15. O-O f4 16. Qe2 Qf5 17. Rae1 Nf6 18. f3 e3 19. Nf7+ Rxf7 20. Bxf7 Bd7 21.
Bc4 Rf8 22. Bd3 Qh5 23. Kh1 Qh4 24. Rg1 Nh5 25. g3 Nxg3+ 26. Rxg3 fxg3 27. Qg2
gxh2 28. Rxe3 h6 29. Qxh2 Qg5 30. Qe5 Bh3 31. Qxg5 hxg5 32. Kh2 Bf5 33. Be2 Rf7
34. Kg3 Kh7 35. Re5 Kg6 36. a4 Kf6 37. a5 g6 38. b4 Rh7 39. Kg2 Bh3+ 40. Kg1
Be6 41. Bd3 Rh3 42. Kg2 Rh6 43. Be4 a6 44. Rc5 Bh3+ 45. Kg1 Bd7 46. d5 cxd5 47.
Bxd5 Rh3 48. Bxb7 g4 49. fxg4 Bxg4 50. Bxa6 Bf5 51. Bb7 Kg5 52. Kg2 Rd3 53. a6
Rd2+ 54. Kf3 Rd3+ 55. Ke2 {Normal} 1-0

[Event "Rated Blitz game"]
[Site "?"]
[Date "2021.07.04"]
[Round "?"]
[White "totoff"]
[Black "BrilliantGambiteer"]
[Result "1-0"]
[WhiteElo "2404"]
[BlackElo "2414"]
[PlyCount "113"]
[EventDate "2021.??.??"]
[EventType "blitz"]

1. e4 e5 2. Nf3 d5 3. Nxe5 Bd6 4. d4 dxe4 5. Nc4 Nf6 6. Ne3 O-O 7. Nc3 Qe7 8.
Be2 c5 9. d5 a6 10. a4 Nbd7 11. g3 Ne5 12. h3 Bd7 13. a5 Rac8 14. b3 Rfe8 15.
Bb2 Nf3+ 16. Kf1 Ng5 17. Kg2 Be5 18. h4 Nf3 19. Bxf3 exf3+ 20. Qxf3 h5 21. Rhd1
Ng4 22. Nc4 Bd4 23. Rd2 Ne5 24. Nxe5 Bxe5 25. Re1 Bg4 26. Qd3 Qd7 27. Nd1 Bd6
28. Rxe8+ Rxe8 29. Ne3 Bh3+ 30. Kh2 f6 31. f3 Qc8 32. Re2 Bd7 33. Nc4 Rxe2+ 34.
Qxe2 Qc7 35. f4 Bg4 36. Qe3 Qe7 37. Qxe7 Bxe7 38. Kg2 Kf7 39. Kf2 Ke8 40. Ke3
Kd7 41. Ba3 Bd6 42. Ke4 Bd1 43. Ne3 Be2 44. Bb2 Ke7 45. Bc3 g6 46. f5 Bxg3 47.
fxg6 Kf8 48. Nf5 Be5 49. Bxe5 fxe5 50. Kxe5 Kg8 51. d6 Bb5 52. Ke6 c4 53. d7
Bxd7+ 54. Kxd7 cxb3 55. cxb3 Kf8 56. Kc7 Kg8 57. Kxb7 {Time forfeit} 1-0

[Event "Rated Blitz game"]
[Site "?"]
[Date "2021.07.04"]
[Round "?"]
[White "lukas_111111"]
[Black "Rikikits"]
[Result "0-1"]
[WhiteElo "2583"]
[BlackElo "2740"]
[PlyCount "52"]
[EventDate "2021.??.??"]
[EventType "blitz"]

1. e4 e5 2. Nf3 d5 3. exd5 e4 4. Qe2 Qe7 5. Nd4 Nf6 6. Nc3 Qe5 7. Nb3 Bb4 8. d4
Bxc3+ 9. bxc3 Qe7 10. c4 O-O 11. h3 a5 12. a4 Re8 13. Bb2 c6 14. dxc6 Nxc6 15.
O-O-O Nb4 16. d5 Bd7 17. d6 Qd8 18. Nc5 b6 19. Nxd7 Nxd7 20. Qg4 f6 21. c5 Nxc5
22. Bc4+ Kh8 23. d7 Re7 24. Bb5 Qc7 25. Qf5 Nb3+ 26. Kb1 Qxc2# {Normal} 0-1

[Event "Rated Blitz game"]
[Site "?"]
[Date "2021.07.04"]
[Round "?"]
[White "FlaggingIsADisease"]
[Black "Polyclinical"]
[Result "0-1"]
[WhiteElo "2601"]
[BlackElo "2852"]
[PlyCount "104"]
[EventDate "2021.??.??"]
[EventType "blitz"]

1. e4 e5 2. Nf3 d5 3. d4 dxe4 4. Nxe5 Nd7 5. Qh5 g6 6. Qe2 Qe7 7. Nxd7 Bxd7 8.
Nc3 O-O-O 9. Bf4 g5 10. Bxc7 Qb4 11. O-O-O Re8 12. Bg3 h5 13. h4 Rh6 14. Qc4+
Rc6 15. Qxb4 Bxb4 16. Nd5 Bd6 17. Bxd6 Rxd6 18. Ne3 gxh4 19. Rxh4 Rh6 20. Be2
Nf6 21. Rdh1 Rg8 22. g3 Rg5 23. Bc4 Be6 24. Bxe6+ fxe6 25. Rf4 Kd7 26. c4 Ke7
27. Rd1 Rh8 28. Rh4 Rc8 29. b3 a5 30. Kb2 b6 31. Rdh1 Rd8 32. Kc3 Rc8 33. Kd2
Rd8 34. Kc3 b5 35. Ng2 b4+ 36. Kb2 Rxd4 37. Kc2 Rf5 38. Rf4 Ng4 39. Rxf5 exf5
40. Rxh5 Nxf2 41. Rxf5 Ng4 42. Rf4 Ne5 43. Ne3 Ke6 44. Nd5 Nd3 45. Rf6+ Ke5 46.
Ra6 Ne1+ 47. Kb2 Rd2+ 48. Kc1 Rxa2 49. Ra8 Nd3+ 50. Kd1 Kd4 51. Rd8 e3 52.
Nxb4+ Kc3 {Time forfeit} 0-1

[Event "Rated Blitz game"]
[Site "?"]
[Date "2021.07.04"]
[Round "?"]
[White "herichess5"]
[Black "rofaidah"]
[Result "1-0"]
[WhiteElo "2499"]
[BlackElo "2396"]
[PlyCount "41"]
[EventDate "2021.??.??"]
[EventType "blitz"]

1. e4 e5 2. Nf3 d5 3. Nxe5 Qe7 4. d4 f6 5. Nf3 dxe4 6. Nfd2 Nc6 7. Bb5 Bd7 8.
c3 O-O-O 9. O-O f5 10. Na3 g5 11. Re1 Nf6 12. Nac4 f4 13. Bxc6 Bxc6 14. Ne5 Bd5
15. c4 Bc6 16. Nxc6 bxc6 17. Nb3 h5 18. Qd2 Ng4 19. Qa5 Bg7 20. Nc5 Kb8 21.
Qb4+ {Normal} 1-0

[Event "Rated Blitz game"]
[Site "?"]
[Date "2021.07.04"]
[Round "?"]
[White "nozar1k"]
[Black "annaly1979"]
[Result "0-1"]
[WhiteElo "2442"]
[BlackElo "2423"]
[PlyCount "70"]
[EventDate "2021.??.??"]
[EventType "blitz"]

1. e4 e5 2. Nf3 d5 3. d4 dxe4 4. Nxe5 Bd6 5. Nc4 Nf6 6. Nxd6+ cxd6 7. d5 O-O 8.
c4 h6 9. Nc3 Bf5 10. Be3 a6 11. h3 Nbd7 12. Be2 Rc8 13. O-O Ne5 14. b3 Re8 15.
a4 Ng6 16. a5 Nd7 17. Qd2 Qf6 18. Bd4 Qh4 19. Qe3 Nde5 20. Qg3 Qe7 21. Qe3 Nd7
22. Rfe1 Nc5 23. Rab1 Qd7 24. Bxc5 Rxc5 25. Na4 Rc7 26. Nb6 Qe7 27. Rbd1 Ne5
28. Rd4 Qf6 29. Bf1 Rce7 30. Qd2 Nd3 31. Rxd3 exd3 32. Rd1 Qd4 33. Bxd3 Bxd3
34. Qxd3 Re1+ 35. Kh2 Rxd1 {Normal} 0-1

[Event "Rated Blitz game"]
[Site "?"]
[Date "2021.07.04"]
[Round "?"]
[White "Zol46"]
[Black "ahoramahora"]
[Result "1-0"]
[WhiteElo "2419"]
[BlackElo "2396"]
[PlyCount "119"]
[EventDate "2021.??.??"]
[EventType "blitz"]

1. e4 e5 2. Nf3 d5 3. exd5 e4 4. Qe2 Nf6 5. Nc3 Be7 6. Nxe4 O-O 7. d3 Qxd5 8.
Bd2 Nc6 9. Nc3 Qh5 10. O-O-O Bg4 11. h3 Rfe8 12. Be3 Rad8 13. Kb1 Bc5 14. Rg1
Bxf3 15. gxf3 Nd4 16. Bxd4 Rxe2 17. Bxe2 Bxd4 18. f4 Qa5 19. Ne4 Qb6 20. c3
Nxe4 21. dxe4 Bf6 22. Rxd8+ Bxd8 23. Rd1 c6 24. Bg4 g6 25. e5 Bh4 26. e6 fxe6
27. Bxe6+ Kg7 28. Rd7+ Kf6 29. Bb3 Kf5 30. Rf7+ Ke4 31. Bc2+ Kf3 32. f5 gxf5
33. Rxf5+ Kg2 34. Be4+ Kg1 35. f3 Qe3 36. Kc2 Bg5 37. Kb3 b5 38. a3 a5 39. a4
Be7 40. axb5 cxb5 41. Rf7 a4+ 42. Ka2 Qc5 43. Rxh7 Qc4+ 44. Kb1 Bf6 45. Rd7 a3
46. Rd1+ Kh2 47. Rd3 axb2 48. Kxb2 b4 49. Kc2 bxc3 50. h4 Qb4 51. Kd1 Qb1+ 52.
Ke2 c2 53. Rd2 Qb5+ 54. Ke3+ Kg3 55. Rxc2 Qb3+ 56. Kd2 Qb4+ 57. Ke2 Qd4 58. Rd2
Bxh4 59. Rxd4 Kf4 60. Rd7 {Normal} 1-0

[Event "Rated Blitz game"]
[Site "?"]
[Date "2021.07.04"]
[Round "?"]
[White "Pblu35"]
[Black "Polyclinical"]
[Result "1-0"]
[WhiteElo "2679"]
[BlackElo "2860"]
[PlyCount "129"]
[EventDate "2021.??.??"]
[EventType "blitz"]

1. e4 e5 2. Nf3 d5 3. exd5 e4 4. Qe2 Qe7 5. Nd4 Nf6 6. d3 exd3 7. Qxe7+ Bxe7 8.
Bxd3 Nxd5 9. O-O O-O 10. Bd2 Bf6 11. c3 Bxd4 12. cxd4 Nc6 13. Nc3 Ndb4 14. Be4
Nxd4 15. Bf4 Ne6 16. Bg3 f5 17. a3 Nc6 18. Bxc6 bxc6 19. Be5 Ba6 20. Rfc1 Rfd8
21. Rc2 Bd3 22. Rd2 Bc4 23. Rad1 Re8 24. f4 Bb3 25. Rc1 Rad8 26. Rxd8 Rxd8 27.
Re1 c5 28. Kf2 Kf7 29. h3 c6 30. g4 g6 31. Ke3 c4 32. Kf2 Rd3 33. Re3 Nc5 34.
gxf5 gxf5 35. Rxd3 Nxd3+ 36. Ke3 Nxb2 37. Kd4 Nd3 38. Bb8 a6 39. Ne2 Ke6 40.
Kc3 c5 41. Bc7 Kd5 42. Bb8 Ba4 43. Bc7 Bd7 44. Bb8 Nf2 45. Ng3 Nxh3 46. Nh5 h6
47. Nf6+ Ke6 48. Nh5 Bb5 49. Ng7+ Kf6 50. Be5+ Kg6 51. Ne6 Nf2 52. Nf8+ Kh5 53.
Ne6 Ne4+ 54. Kc2 c3 55. Nxc5 Ba4+ 56. Kd3 Kg4 57. Nxe4 h5 58. Nf2+ Kf3 59. Nh3
Bb5+ 60. Kxc3 h4 61. Ng5+ Kg3 62. Kd4 h3 63. Nxh3 Kxh3 64. Kd5 Kg4 65. Kd6 {
Time forfeit} 1-0

[Event "Rated Blitz game"]
[Site "?"]
[Date "2021.07.04"]
[Round "?"]
[White "YEIKOCASTELLA"]
[Black "pasha1984"]
[Result "1-0"]
[WhiteElo "2473"]
[BlackElo "2398"]
[PlyCount "43"]
[EventDate "2021.??.??"]
[EventType "blitz"]

1. e4 e5 2. Nf3 d5 3. exd5 e4 4. Ne5 Qxd5 5. d4 exd3 6. Nxd3 Bf5 7. Nc3 Qe6+ 8.
Be2 Nc6 9. Nf4 Qd6 10. Nfd5 O-O-O 11. Bf4 Ne5 12. O-O Nf6 13. Nxf6 Qxf6 14. Nd5
Qd6 15. c4 c6 16. Ne3 Qxd1 17. Nxd1 Nd3 18. Bg3 Bc5 19. a3 Bd4 20. Ne3 Bg6 21.
Bg4+ f5 22. Nxf5 {Normal} 1-0